Usufructo de montes / (Record no. 138368)

MARC details
000 -LEADER
campo de control de longitud fija 00887nam a2200229 4500
001 - NÚMERO DE CONTROL
campo de control 138368
003 - IDENTIFICADOR DE NÚMERO DE CONTROL
campo de control ES-MaACL
005 - FECHA Y HORA DE LA ÚLTIMA TRANSACCIÓN
campo de control 20230906195543.0
007 - CAMPO FIJO DE DESCRIPCIÓN FÍSICA--INFORMACIÓN GENERAL
campo de control de longitud fija t|
008 - DATOS DE LONGITUD FIJA--INFORMACIÓN GENERAL
campo de control de longitud fija 070214s1960 sp r ||||1| spa d
100 1# - ENTRADA PRINCIPAL--NOMBRE DE PERSONA
Nombre de persona Sancho Rebullida, Francisco de Asís.
9 (RLIN) 103051
245 10 - MENCIÓN DEL TÍTULO
Título Usufructo de montes /
Mención de responsabilidad, etc. Francisco de Asís Sancho Rebullida ; prólogo de José Luis Lacruz Berdejo.
260 ## - PUBLICACIÓN, DISTRIBUCIÓN, ETC.
Lugar de publicación, distribución, etc. Barcelona :
Nombre del editor, distribuidor, etc. Bosch,
Fecha de publicación, distribución, etc. 1960.
300 ## - DESCRIPCIÓN FÍSICA
Extensión 143 p. ;
Dimensiones 23 cm.
490 1# - MENCIÓN DE SERIE
Mención de serie Publicaciones del Seminario de Derecho Civil de la Universidad de Zaragoza
700 1# - ENTRADA AGREGADA--NOMBRE PERSONAL
Nombre de persona Lacruz Berdejo, José Luis.
9 (RLIN) 69414
710 00 - ENTRADA AGREGADA--NOMBRE DE ENTIDAD CORPORATIVA
Nombre de entidad corporativa o nombre de jurisdicción como elemento de entrada Universidad de Zaragoza.
Unidad subordinada Seminario de Derecho Civil.
9 (RLIN) 7364
830 0# - PUNTO DE ACCESO ADICIONAL DE SERIE-TÍTULO UNIFORME
Título uniforme Publicaciones del Seminario de Derecho Civil de la Universidad de Zaragoza
9 (RLIN) 220155
852 ## - LOCALIZACIÓN
Ubicación ES-MaACL
Número de control de estantería C-18463
Sublocalización o colección R.46671
852 ## - LOCALIZACIÓN
Ubicación ES-MaACL
Número de control de estantería C-20498
Sublocalización o colección R.48886
Holdings
Estatus retirado Estado de pérdida Estado de daño No para préstamo Biblioteca de origen Biblioteca actual Ubicación en estantería Fecha de adquisición Fuente de adquisición Total de préstamos Signatura topográfica completa Código de barras Visto por última vez Precio de reemplazo Tipo de ítem Koha
        Biblioteca del Ateneo de Madrid Biblioteca del Ateneo de Madrid Galería 17/01/2008     C-20498 1143982 23/02/2023 23/02/2023 Libro impreso
        Biblioteca del Ateneo de Madrid Biblioteca del Ateneo de Madrid Galería 17/01/2008     C-18463 1143981 23/02/2023 23/02/2023 Libro impreso